00798nam a22002657a 4500003000400000020001800004082002000022100002400042245012600066260005800192300001000250500003500260500002800295546001200323650002000335650002000355650001900375650001500394650002000409650002800429700002000457700001800477700001900495700001800514OSt a9789312146446 aCE 330bSUN/UGC aSunder Gopal Mishra aUGC, NET/SET (JRF and LS), national and state eligibility test for junior research fellowship and lectureship:beconomics aNew DelhibArihant Publications (India) Limitedc2018 a705p. aEconomics: UGC, NET, SET exams aObjectives of economics aEnglish aMicro economics aMacro economics aPublic finance aStatistics aNational income aInternational economics aAthar Imam Raza aShakeel Anwar aSatyabroto Roy aPreeti Sharma